000 00789nam a2200229Ia 4500
999 _c41409
_d41409
001 8071
003 GE_BSU
005 20200117164731.0
008 181216s2013||||ge |||||||||||||| ||geo||
020 _a9789941927591
040 _cGE_BSU
041 _ageo
080 _a37.016:811.353.1 ა–40
100 _aკიკვაძე, მაია
_92148
245 _aაკადემიური წერა /
_cრედ. მამია ფაღავა.
250 _a2-ე გამოცემა
264 _aთბილისი :
_bივერიონი,
_c2012.
300 _a160 გვ.;
_b29 სმ.
653 _aაკადემიური წერა
700 _aფაღავა, მამია
_eრედაქტორი
_96218
942 _cBK
_2udc